A Yale papyrus (P Yale III 137) in the Beinecke Rare Book and Manuscript Library III /

محفوظ في:

المؤلف الرئيسي: Schubert, Paul, 1963- (مؤلف)

مؤلف مشترك: Beinecke Rare Book and Manuscript Library.

التنسيق: كتاب

اللغة: English

منشور في: Oakville, Conn : American Society of Papyrologists, c2001.

سلاسل: American Studies in Papyrology ; 41.
ASP ; 41.

الموضوعات:

الوسوم: إضافة وسم

لا توجد وسوم, كن أول من يضع وسما على هذه التسجيلة!

رقم الطلب: PA3339 .A51 v.41

LEADER 01183nam a22003137a 4500
003 OSt
005 20251006064048.0
008 251006t2001 ctuaf g b 001 0 eng d
010 |a 00046897 
020 |a 0970059116 
040 |c ARCE Library 
043 |a f-ua--- 
050 1 4 |a PA3339  |b .A51 v.41 
100 1 |a Schubert, Paul,  |d 1963-  |e author 
245 1 2 |a A Yale papyrus (P Yale III 137) in the Beinecke Rare Book and Manuscript Library III /  |c by Paul Schubert. 
264 1 |a Oakville, Conn :   |b American Society of Papyrologists,   |c c2001. 
300 |a xi, 112, 7 pages of plates :   |b illustration ;   |c 24 cm. 
490 1 |a American Studies in Papyrology ;   |v 41. 
490 1 |a ASP ;   |v 41. 
504 |a Includes bibliographical references and indexes. 
650 0 |a Land tenure  |z Egypt  |z Philadelphia (Extinct city)  |x History  |v Sources. 
650 0 |a Manuscripts, Greek (Papyri)  |z Egypt  |z Philadelphia (Extinct city) 
650 0 |a Manuscripts, Greek (Papyri)  |z Connecticut  |z New Haven. 
710 2 |a Beinecke Rare Book and Manuscript Library. 
830 0 |a American Studies in Papyrology ;   |v 41. 
830 0 |a ASP ;   |v 41. 
901 |a reviewed 
942 |c BK  |2 lcc 
999 |c 17678  |d 17678